[Event "Team Championship (men rapid)"]
[Site "Sochi"]
[Date "2017.10.03"]
[Round "3.10"]
[White "Sjugirov, Sanan"]
[Black "Rozum, Ivan"]
[Result "1/2-1/2"]
[LiveChessVersion "1.4.8"]
[BlackElo "2592"]
[WhiteElo "2765"]

1. d4 {[%clk 0:15:18]} Nf6 {[%clk 0:15:17]} 2. c4 {[%clk 0:15:25]} e6
{[%clk 0:15:26]} 3. Nf3 {[%clk 0:15:30]} b6 {[%clk 0:15:33]} 4. g3
{[%clk 0:15:34]} Bb7 {[%clk 0:15:41]} 5. Bg2 {[%clk 0:15:42]} Be7
{[%clk 0:15:49]} 6. O-O {[%clk 0:15:41]} O-O {[%clk 0:15:57]} 7. Nc3
{[%clk 0:15:48]} Ne4 {[%clk 0:16:05]} 8. Bd2 {[%clk 0:15:55]} Bf6
{[%clk 0:15:54]} 9. Rc1 {[%clk 0:15:57]} Nxd2 {[%clk 0:15:56]} 10. Qxd2
{[%clk 0:16:04]} d6 {[%clk 0:16:05]} 11. e4 {[%clk 0:15:41]} Nd7 {[%clk 0:16:08]}
12. d5 {[%clk 0:15:15]} a5 {[%clk 0:14:06]} 13. Rfe1 {[%clk 0:13:07]} g6
{[%clk 0:12:56]} 14. h4 {[%clk 0:11:53]} Bg7 {[%clk 0:13:01]} 15. b3
{[%clk 0:11:21]} Qe7 {[%clk 0:12:59]} 16. a3 {[%clk 0:10:46]} Rad8
{[%clk 0:12:26]} 17. Nb5 {[%clk 0:10:16]} Ne5 {[%clk 0:10:29]} 18. Nfd4
{[%clk 0:09:45]} c5 {[%clk 0:10:28]} 19. dxc6 {[%clk 0:09:06]} Nxc6
{[%clk 0:10:36]} 20. Nxc6 {[%clk 0:08:52]} Bxc6 {[%clk 0:10:45]} 21. Red1
{[%clk 0:08:38]} d5 {[%clk 0:09:33]} 22. exd5 {[%clk 0:08:33]} exd5
{[%clk 0:09:31]} 23. Qg5 {[%clk 0:05:46]} Qxg5 {[%clk 0:06:37]} 24. hxg5
{[%clk 0:05:54]} Bb2 {[%clk 0:06:10]} 25. Rc2 {[%clk 0:04:23]} Bxb5
{[%clk 0:05:49]} 26. cxb5 {[%clk 0:04:27]} Bxa3 {[%clk 0:05:57]} 27. Bxd5
{[%clk 0:03:26]} Rd7 {[%clk 0:05:09]} 28. Rcd2 {[%clk 0:03:09]} Kg7
{[%clk 0:04:46]} 29. Bc4 {[%clk 0:02:20]} Rxd2 {[%clk 0:04:37]} 30. Rxd2
{[%clk 0:02:29]} Re8 {[%clk 0:04:39]} 31. Rd7 {[%clk 0:02:16]} Re7
{[%clk 0:04:47]} 32. Rd8 {[%clk 0:02:24]} Bc5 {[%clk 0:03:37]} 33. Kg2
{[%clk 0:02:30]} h6 {[%clk 0:03:38]} 34. gxh6+ {[%clk 0:02:33]} Kxh6
{[%clk 0:03:47]} 35. f4 {[%clk 0:02:32]} Kg7 {[%clk 0:03:52]} 36. Rc8
{[%clk 0:02:22]} Rd7 {[%clk 0:03:54]} 37. Kf3 {[%clk 0:02:23]} f5
{[%clk 0:03:51]} 38. Rc6 {[%clk 0:02:05]} Rd2 {[%clk 0:03:35]} 39. g4
{[%clk 0:02:06]} fxg4+ {[%clk 0:03:35]} 40. Kxg4 {[%clk 0:02:09]} Rg2+
{[%clk 0:03:22]} 41. Kf3 {[%clk 0:02:16]} Rd2 {[%clk 0:02:02]} 42. Rc7+
{[%clk 0:02:23]} Kh6 {[%clk 0:01:43]} 43. Bg8 {[%clk 0:01:52]} g5
{[%clk 0:00:57]} 44. f5 {[%clk 0:01:59]} Rf2+ {[%clk 0:01:00]} 45. Ke4
{[%clk 0:01:49]} g4 {[%clk 0:00:43]} 46. Rc6+ {[%clk 0:01:32]} Kg5
{[%clk 0:00:48]} 47. Rg6+ {[%clk 0:01:40]} Kh4 {[%clk 0:00:57]} 48. Ke5
{[%clk 0:00:42]} g3 {[%clk 0:00:43]} 49. Bd5 {[%clk 0:00:49]} Kh3
{[%clk 0:00:28]} 50. Rh6+ {[%clk 0:00:55]} Kg4 {[%clk 0:00:37]} 51. Rg6+
{[%clk 0:01:04]} Kh3 {[%clk 0:00:42]} 52. Rh6+ {[%clk 0:00:32]} Kg4
{[%clk 0:00:51]} 53. Rg6+ {[%clk 0:00:19]} Kh3 {[%clk 0:01:00]} 54. Rh6+
{[%clk 0:00:20]} 1/2-1/2

[Event "Team Championship (men rapid)"]
[Site "Sochi"]
[Date "2017.10.03"]
[Round "3.11"]
[White "Moiseenko, Vadim"]
[Black "Predke, Alexandr"]
[Result "1/2-1/2"]
[LiveChessVersion "1.4.8"]
[BlackElo "2607"]
[WhiteElo "2540"]

1. e4 {[%clk 0:15:18]} e5 {[%clk 0:15:19]} 2. Nf3 {[%clk 0:15:23]} Nc6
{[%clk 0:15:27]} 3. Bc4 {[%clk 0:15:28]} Nf6 {[%clk 0:15:33]} 4. d3
{[%clk 0:15:36]} Be7 {[%clk 0:15:40]} 5. O-O {[%clk 0:15:39]} O-O
{[%clk 0:15:47]} 6. c3 {[%clk 0:15:34]} d5 {[%clk 0:15:48]} 7. exd5
{[%clk 0:15:39]} Nxd5 {[%clk 0:15:57]} 8. h3 {[%clk 0:15:19]} a6 {[%clk 0:15:37]}
9. Re1 {[%clk 0:15:01]} Nb6 {[%clk 0:15:32]} 10. Bb3 {[%clk 0:15:06]} Qd6
{[%clk 0:14:52]} 11. Qe2 {[%clk 0:13:09]} Qg6 {[%clk 0:14:00]} 12. Nxe5
{[%clk 0:12:21]} Nxe5 {[%clk 0:14:08]} 13. Qxe5 {[%clk 0:12:30]} Bd6
{[%clk 0:14:13]} 14. Qg5 {[%clk 0:10:34]} Qxd3 {[%clk 0:14:09]} 15. Nd2
{[%clk 0:10:35]} Bf5 {[%clk 0:10:23]} 16. Nf3 {[%clk 0:07:50]} Rae8
{[%clk 0:08:39]} 17. Be3 {[%clk 0:07:45]} h6 {[%clk 0:08:32]} 18. Qh4
{[%clk 0:07:31]} Be7 {[%clk 0:03:44]} 19. Qd4 {[%clk 0:07:01]} Qxd4
{[%clk 0:02:41]} 20. Bxd4 {[%clk 0:06:42]} Bd6 {[%clk 0:02:18]} 21. Be5
{[%clk 0:06:00]} Bxe5 {[%clk 0:02:18]} 22. Rxe5 {[%clk 0:06:08]} Bd7
{[%clk 0:01:15]} 23. Rae1 {[%clk 0:06:03]} Nc8 {[%clk 0:01:23]} 24. Bd5
{[%clk 0:05:08]} Nd6 {[%clk 0:01:30]} 25. Re7 {[%clk 0:05:08]} Be6
{[%clk 0:01:04]} 26. Rxe8 {[%clk 0:04:50]} Rxe8 {[%clk 0:01:13]} 27. Bxe6
{[%clk 0:04:58]} fxe6 {[%clk 0:01:22]} 28. Ne5 {[%clk 0:04:52]} Nf7
{[%clk 0:01:24]} 29. Nd3 {[%clk 0:04:30]} Nd6 {[%clk 0:01:28]} 30. b3
{[%clk 0:04:07]} Kf7 {[%clk 0:01:29]} 31. c4 {[%clk 0:04:14]} Rd8
{[%clk 0:00:56]} 32. Nc5 {[%clk 0:03:43]} Re8 {[%clk 0:01:05]} 33. f3
{[%clk 0:03:18]} a5 {[%clk 0:01:10]} 34. Kf2 {[%clk 0:03:22]} b6 {[%clk 0:01:18]}
35. Nd3 {[%clk 0:03:24]} Kf6 {[%clk 0:01:24]} 36. c5 {[%clk 0:02:55]} Nb5
{[%clk 0:01:17]} 37. cxb6 {[%clk 0:02:36]} cxb6 {[%clk 0:01:27]} 38. Ne5
{[%clk 0:02:45]} Rd8 {[%clk 0:01:27]} 39. Nc4 {[%clk 0:02:54]} Nc3
{[%clk 0:01:33]} 40. a4 {[%clk 0:02:49]} Nd1+ {[%clk 0:01:10]} 41. Ke2
{[%clk 0:02:48]} Nc3+ {[%clk 0:01:18]} 42. Kf2 {[%clk 0:02:57]} Nd1+
{[%clk 0:01:27]} 43. Kg3 {[%clk 0:02:47]} Rd3 {[%clk 0:01:36]} 44. Nxb6
{[%clk 0:02:16]} Ne3 {[%clk 0:01:45]} 45. Nd7+ {[%clk 0:02:24]} Ke7
{[%clk 0:01:54]} 46. Nc5 {[%clk 0:02:28]} Rc3 {[%clk 0:01:58]} 47. Nxe6
{[%clk 0:02:30]} Nf5+ {[%clk 0:01:53]} 48. Kh2 {[%clk 0:02:00]} Kd6
{[%clk 0:01:27]} 49. Re4 {[%clk 0:01:37]} Rd3 {[%clk 0:00:51]} 50. h4
{[%clk 0:01:17]} Rxb3 {[%clk 0:00:32]} 51. Nd4 {[%clk 0:01:23]} Nxd4
{[%clk 0:00:41]} 52. Rxd4+ {[%clk 0:01:32]} Ke6 {[%clk 0:00:50]} 53. Kg3
{[%clk 0:00:52]} Rb4 {[%clk 0:00:46]} 54. Re4+ {[%clk 0:00:25]} Kf5
{[%clk 0:00:45]} 55. Re7 {[%clk 0:00:25]} g6 {[%clk 0:00:29]} 56. Rf7+
{[%clk 0:00:21]} Ke6 {[%clk 0:00:29]} 57. Rf4 {[%clk 0:00:29]} Ke5
{[%clk 0:00:38]} 58. Rg4 {[%clk 0:00:34]} Kf5 {[%clk 0:00:42]} 59. h5
{[%clk 0:00:20]} g5 {[%clk 0:00:51]} 60. Rxb4 {[%clk 0:00:18]} axb4
{[%clk 0:01:01]} 61. a5 {[%clk 0:00:27]} b3 {[%clk 0:01:06]} 62. a6
{[%clk 0:00:36]} b2 {[%clk 0:01:15]} 63. a7 {[%clk 0:00:46]} b1=Q
{[%clk 0:01:23]} 64. a8=Q {[%clk 0:00:55]} Qe1+ {[%clk 0:01:30]} 65. Kh2
{[%clk 0:01:03]} Qh4+ {[%clk 0:01:38]} 66. Kg1 {[%clk 0:01:12]} Qe1+
{[%clk 0:01:39]} 1/2-1/2

[Event "Team Championship (men rapid)"]
[Site "Sochi"]
[Date "2017.10.03"]
[Round "3.12"]
[White "Yuffa, Daniil"]
[Black "Gogolev, Artem"]
[Result "1-0"]
[LiveChessVersion "1.4.8"]
[BlackElo "2316"]
[WhiteElo "2572"]

1. Nf3 {[%clk 0:15:19]} Nf6 {[%clk 0:15:19]} 2. d4 {[%clk 0:15:21]} e6
{[%clk 0:15:24]} 3. c4 {[%clk 0:15:29]} d5 {[%clk 0:15:32]} 4. Bg5
{[%clk 0:15:38]} a6 {[%clk 0:15:24]} 5. e3 {[%clk 0:15:34]} Be7 {[%clk 0:15:29]}
6. Nbd2 {[%clk 0:15:32]} O-O {[%clk 0:15:13]} 7. Bd3 {[%clk 0:15:39]} dxc4
{[%clk 0:15:02]} 8. Nxc4 {[%clk 0:15:43]} c5 {[%clk 0:15:04]} 9. dxc5
{[%clk 0:14:06]} Bxc5 {[%clk 0:15:10]} 10. O-O {[%clk 0:13:49]} h6
{[%clk 0:15:00]} 11. Bh4 {[%clk 0:13:50]} Be7 {[%clk 0:14:33]} 12. Qe2
{[%clk 0:13:27]} b5 {[%clk 0:13:30]} 13. Nce5 {[%clk 0:12:47]} Bb7
{[%clk 0:13:09]} 14. Rac1 {[%clk 0:11:12]} Nbd7 {[%clk 0:09:12]} 15. Rfd1
{[%clk 0:08:19]} Nxe5 {[%clk 0:06:42]} 16. Nxe5 {[%clk 0:08:27]} Nd5
{[%clk 0:06:47]} 17. Bg3 {[%clk 0:07:48]} Rc8 {[%clk 0:06:42]} 18. Bb1
{[%clk 0:06:48]} Rxc1 {[%clk 0:05:55]} 19. Rxc1 {[%clk 0:06:56]} Qa8
{[%clk 0:04:34]} 20. Qc2 {[%clk 0:03:49]} Nf6 {[%clk 0:04:39]} 21. Nc6
{[%clk 0:02:50]} Bxc6 {[%clk 0:04:09]} 22. Qxc6 {[%clk 0:02:59]} Qxc6
{[%clk 0:04:16]} 23. Rxc6 {[%clk 0:03:07]} Rd8 {[%clk 0:04:24]} 24. Bc2
{[%clk 0:03:12]} Nd5 {[%clk 0:04:03]} 25. a3 {[%clk 0:02:26]} Bf6
{[%clk 0:03:19]} 26. b3 {[%clk 0:00:56]} a5 {[%clk 0:02:20]} 27. Kf1
{[%clk 0:00:42]} Bb2 {[%clk 0:01:12]} 28. Bd6 {[%clk 0:00:28]} g6
{[%clk 0:01:01]} 29. e4 {[%clk 0:00:26]} Nf6 {[%clk 0:01:00]} 30. Ke2
{[%clk 0:00:22]} Ng4 {[%clk 0:01:05]} 31. Bd3 {[%clk 0:00:18]} Be5
{[%clk 0:00:58]} 32. Bc5 {[%clk 0:00:19]} a4 {[%clk 0:00:53]} 33. b4
{[%clk 0:00:26]} Bb2 {[%clk 0:00:58]} 34. Bxb5 {[%clk 0:00:33]} Bxa3
{[%clk 0:00:42]} 35. Bxa4 {[%clk 0:00:41]} Ne5 {[%clk 0:00:46]} 36. Rd6
{[%clk 0:00:38]} Rb8 {[%clk 0:00:52]} 37. Rd4 {[%clk 0:00:25]} Ra8
{[%clk 0:00:48]} 38. Bb3 {[%clk 0:00:15]} Nc6 {[%clk 0:00:51]} 39. Rc4
{[%clk 0:00:21]} Ne5 {[%clk 0:00:41]} 40. Rc2 {[%clk 0:00:21]} Nc6
{[%clk 0:00:31]} 41. Ra2 {[%clk 0:00:21]} Kg7 {[%clk 0:00:37]} 42. Bc4
{[%clk 0:00:22]} Ra4 {[%clk 0:00:36]} 43. Bb3 {[%clk 0:00:18]} Nxb4
{[%clk 0:00:36]} 44. Bxb4 {[%clk 0:00:24]} Rxb4 {[%clk 0:00:40]} 45. Rxa3
{[%clk 0:00:32]} Rxe4+ {[%clk 0:00:49]} 46. Kf3 {[%clk 0:00:36]} Re5
{[%clk 0:00:57]} 47. Bc4 {[%clk 0:00:36]} Rf5+ {[%clk 0:01:04]} 48. Ke3
{[%clk 0:00:44]} Re5+ {[%clk 0:01:13]} 49. Kd4 {[%clk 0:00:47]} Rf5
{[%clk 0:01:21]} 50. f3 {[%clk 0:00:45]} Rf4+ {[%clk 0:01:28]} 51. Kd3
{[%clk 0:00:51]} g5 {[%clk 0:01:36]} 52. Ra7 {[%clk 0:00:53]} Kg6
{[%clk 0:01:40]} 53. Rc7 {[%clk 0:00:57]} h5 {[%clk 0:01:40]} 54. Ke3
{[%clk 0:01:04]} Kf6 {[%clk 0:01:10]} 55. Bb5 {[%clk 0:00:42]} Kg7
{[%clk 0:01:06]} 56. g3 {[%clk 0:00:41]} Rf5 {[%clk 0:01:12]} 57. Bc4
{[%clk 0:00:24]} Ra5 {[%clk 0:01:19]} 58. Rb7 {[%clk 0:00:21]} Rc5
{[%clk 0:01:21]} 59. Bd3 {[%clk 0:00:27]} Ra5 {[%clk 0:01:26]} 60. Rb4
{[%clk 0:00:33]} Re5+ {[%clk 0:01:07]} 61. Kf2 {[%clk 0:00:32]} Rd5
{[%clk 0:01:14]} 62. Be2 {[%clk 0:00:33]} Kg6 {[%clk 0:01:18]} 63. h4
{[%clk 0:00:36]} f6 {[%clk 0:01:11]} 64. Ke3 {[%clk 0:00:28]} gxh4
{[%clk 0:01:12]} 65. Rxh4 {[%clk 0:00:35]} Ra5 {[%clk 0:01:14]} 66. Bd3+
{[%clk 0:00:35]} f5 {[%clk 0:01:18]} 67. Rb4 {[%clk 0:00:25]} e5 {[%clk 0:01:15]}
68. f4 {[%clk 0:00:19]} e4 {[%clk 0:00:41]} 69. Rb6+ {[%clk 0:00:28]} Kg7
{[%clk 0:00:48]} 70. Be2 {[%clk 0:00:29]} Ra3+ {[%clk 0:00:54]} 71. Kf2
{[%clk 0:00:33]} Ra2 {[%clk 0:00:58]} 72. Re6 {[%clk 0:00:23]} Rb2
{[%clk 0:01:04]} 73. Rd6 {[%clk 0:00:27]} Ra2 {[%clk 0:01:12]} 74. Rb6
{[%clk 0:00:24]} Rc2 {[%clk 0:01:18]} 75. Ke3 {[%clk 0:00:32]} Rc3+
{[%clk 0:01:24]} 76. Kd4 {[%clk 0:00:34]} Rxg3 {[%clk 0:01:30]} 77. Bxh5
{[%clk 0:00:30]} Rh3 {[%clk 0:01:22]} 78. Be2 {[%clk 0:00:30]} Ra3
{[%clk 0:01:10]} 79. Ke5 {[%clk 0:00:26]} Ra5+ {[%clk 0:00:50]} 80. Rb5
{[%clk 0:00:34]} Ra2 {[%clk 0:00:58]} 81. Bc4 {[%clk 0:00:40]} Rc2
{[%clk 0:01:00]} 82. Rb7+ {[%clk 0:00:42]} Kh6 {[%clk 0:01:04]} 83. Be6
{[%clk 0:00:41]} Rc5+ {[%clk 0:00:30]} 84. Kf6 {[%clk 0:00:46]} Kh5
{[%clk 0:00:30]} 85. Bxf5 {[%clk 0:00:51]} Kh4 {[%clk 0:00:38]} 86. Bxe4
{[%clk 0:00:54]} 1-0

[Event "Team Championship (men rapid)"]
[Site "Sochi"]
[Date "2017.10.03"]
[Round "3.13"]
[White "Alekseenko, Kirill"]
[Black "Moskalenko, Alexander"]
[Result "0-1"]
[LiveChessVersion "1.4.8"]
[BlackElo "2459"]
[WhiteElo "2583"]

1. e4 {[%clk 0:15:18]} e5 {[%clk 0:15:19]} 2. Nf3 {[%clk 0:15:26]} Nc6
{[%clk 0:15:28]} 3. Bb5 {[%clk 0:15:34]} a6 {[%clk 0:15:37]} 4. Ba4
{[%clk 0:15:42]} d6 {[%clk 0:15:46]} 5. O-O {[%clk 0:15:33]} Bd7 {[%clk 0:15:54]}
6. c3 {[%clk 0:15:33]} g6 {[%clk 0:15:58]} 7. d4 {[%clk 0:15:16]} Bg7
{[%clk 0:16:06]} 8. Be3 {[%clk 0:14:47]} Nf6 {[%clk 0:16:08]} 9. d5
{[%clk 0:14:06]} Ne7 {[%clk 0:16:01]} 10. Bxd7+ {[%clk 0:13:43]} Qxd7
{[%clk 0:14:55]} 11. Qd3 {[%clk 0:13:23]} Nexd5 {[%clk 0:14:28]} 12. exd5
{[%clk 0:13:08]} e4 {[%clk 0:14:36]} 13. Qd1 {[%clk 0:13:02]} exf3
{[%clk 0:14:44]} 14. Qxf3 {[%clk 0:13:10]} Qg4 {[%clk 0:14:39]} 15. Qxg4
{[%clk 0:12:28]} Nxg4 {[%clk 0:14:48]} 16. Bc1 {[%clk 0:11:39]} Kd7
{[%clk 0:12:54]} 17. f3 {[%clk 0:11:02]} Nf6 {[%clk 0:12:12]} 18. Rd1
{[%clk 0:10:44]} Rhe8 {[%clk 0:12:16]} 19. c4 {[%clk 0:09:37]} b5
{[%clk 0:11:39]} 20. Na3 {[%clk 0:09:40]} Rab8 {[%clk 0:11:19]} 21. Rb1
{[%clk 0:09:23]} bxc4 {[%clk 0:11:06]} 22. Bg5 {[%clk 0:07:32]} c3
{[%clk 0:06:23]} 23. bxc3 {[%clk 0:04:23]} Rxb1 {[%clk 0:06:30]} 24. Nxb1
{[%clk 0:04:28]} Nxd5 {[%clk 0:06:37]} 25. Bd2 {[%clk 0:04:17]} Nb6
{[%clk 0:03:57]} 26. Na3 {[%clk 0:03:48]} Na4 {[%clk 0:04:05]} 27. c4
{[%clk 0:03:57]} Nb2 {[%clk 0:04:08]} 28. Rc1 {[%clk 0:01:49]} Re2
{[%clk 0:04:12]} 29. Rc2 {[%clk 0:01:14]} Bd4+ {[%clk 0:03:56]} 30. Kh1
{[%clk 0:01:23]} Nd3 {[%clk 0:03:32]} 31. h4 {[%clk 0:01:30]} Bc5
{[%clk 0:02:28]} 32. Bc3 {[%clk 0:01:35]} Nf2+ {[%clk 0:01:55]} 33. Kh2
{[%clk 0:01:36]} Rxc2 {[%clk 0:02:04]} 34. Nxc2 {[%clk 0:01:44]} Nd1
{[%clk 0:02:12]} 35. Bf6 {[%clk 0:01:15]} Ke6 {[%clk 0:02:05]} 36. Bd8
{[%clk 0:01:11]} c6 {[%clk 0:02:05]} 37. Ne1 {[%clk 0:00:57]} Ne3
{[%clk 0:02:10]} 38. Nd3 {[%clk 0:01:05]} Nxc4 {[%clk 0:02:17]} 39. Nxc5+
{[%clk 0:01:09]} dxc5 {[%clk 0:02:26]} 40. Kg3 {[%clk 0:01:18]} Ne3
{[%clk 0:01:58]} 41. Kf2 {[%clk 0:00:56]} Nc2 {[%clk 0:02:00]} 42. Ke2
{[%clk 0:00:56]} Kd5 {[%clk 0:02:09]} 43. Kd2 {[%clk 0:00:49]} Nd4
{[%clk 0:02:18]} 44. Bf6 {[%clk 0:00:40]} h5 {[%clk 0:02:14]} 45. Kd3
{[%clk 0:00:46]} Ne6 {[%clk 0:02:11]} 46. Kd2 {[%clk 0:00:42]} Kc4
{[%clk 0:02:16]} 47. Be5 {[%clk 0:00:45]} a5 {[%clk 0:02:22]} 48. Kc2
{[%clk 0:00:53]} a4 {[%clk 0:02:30]} 49. Kb2 {[%clk 0:00:58]} Nd4
{[%clk 0:02:38]} 50. Bd6 {[%clk 0:00:38]} Nf5 {[%clk 0:02:40]} 0-1

[Event "Team Championship (men rapid)"]
[Site "Sochi"]
[Date "2017.10.03"]
[Round "3.14"]
[White "Vastrukhin, Oleg"]
[Black "Alekseev, Evgeny"]
[Result "0-1"]
[LiveChessVersion "1.4.8"]
[BlackElo "2657"]
[WhiteElo "2508"]

1. Nf3 {[%clk 0:15:17]} c5 {[%clk 0:15:18]} 2. g3 {[%clk 0:15:25]} Nc6
{[%clk 0:15:26]} 3. Bg2 {[%clk 0:15:34]} g6 {[%clk 0:15:34]} 4. O-O
{[%clk 0:15:41]} Bg7 {[%clk 0:15:43]} 5. c4 {[%clk 0:15:49]} e6 {[%clk 0:15:39]}
6. Nc3 {[%clk 0:15:53]} d6 {[%clk 0:15:47]} 7. d3 {[%clk 0:15:39]} Nge7
{[%clk 0:15:52]} 8. Bd2 {[%clk 0:15:48]} b6 {[%clk 0:15:19]} 9. a3
{[%clk 0:15:50]} Bb7 {[%clk 0:15:27]} 10. Rb1 {[%clk 0:15:52]} Qd7
{[%clk 0:15:30]} 11. b4 {[%clk 0:15:46]} O-O {[%clk 0:15:27]} 12. Qa4
{[%clk 0:13:28]} h6 {[%clk 0:14:41]} 13. Rfd1 {[%clk 0:13:26]} g5
{[%clk 0:13:49]} 14. e3 {[%clk 0:13:11]} Ng6 {[%clk 0:11:15]} 15. d4
{[%clk 0:10:33]} g4 {[%clk 0:11:13]} 16. Ne1 {[%clk 0:10:42]} cxd4
{[%clk 0:09:54]} 17. exd4 {[%clk 0:10:49]} Rfd8 {[%clk 0:09:49]} 18. Be3
{[%clk 0:08:47]} Nce7 {[%clk 0:09:46]} 19. Qxd7 {[%clk 0:08:18]} Rxd7
{[%clk 0:09:55]} 20. Bxb7 {[%clk 0:07:11]} Rxb7 {[%clk 0:09:58]} 21. Ne4
{[%clk 0:07:12]} Nf5 {[%clk 0:06:57]} 22. d5 {[%clk 0:04:14]} Re8
{[%clk 0:06:59]} 23. Rb3 {[%clk 0:01:30]} exd5 {[%clk 0:05:21]} 24. Rxd5
{[%clk 0:01:39]} Rxe4 {[%clk 0:05:29]} 25. Rxf5 {[%clk 0:01:47]} Rxc4
{[%clk 0:05:36]} 26. Kg2 {[%clk 0:00:52]} Rd7 {[%clk 0:05:23]} 27. Rd3
{[%clk 0:00:34]} Ne7 {[%clk 0:04:26]} 28. Rh5 {[%clk 0:00:43]} Kh7
{[%clk 0:04:25]} 29. h3 {[%clk 0:00:51]} gxh3+ {[%clk 0:04:20]} 30. Rxh3
{[%clk 0:00:43]} Nf5 {[%clk 0:04:11]} 31. Bf4 {[%clk 0:00:42]} Rd4
{[%clk 0:03:49]} 32. Rxd4 {[%clk 0:00:32]} Nxd4 {[%clk 0:03:58]} 33. Nd3
{[%clk 0:00:37]} Ne6 {[%clk 0:03:10]} 34. Rh5 {[%clk 0:00:17]} d5
{[%clk 0:02:55]} 35. Be5 {[%clk 0:00:22]} d4 {[%clk 0:02:33]} 36. f4
{[%clk 0:00:26]} f6 {[%clk 0:02:09]} 37. Bb8 {[%clk 0:00:29]} Bf8
{[%clk 0:02:11]} 38. Rh1 {[%clk 0:00:13]} Kg8 {[%clk 0:01:28]} 39. f5
{[%clk 0:00:20]} Ng5 {[%clk 0:01:22]} 40. Rc1 {[%clk 0:00:22]} Kf7
{[%clk 0:01:10]} 41. a4 {[%clk 0:00:26]} Ne4 {[%clk 0:01:05]} 42. Kf3
{[%clk 0:00:20]} Nc3 {[%clk 0:01:04]} 43. a5 {[%clk 0:00:27]} bxa5
{[%clk 0:00:46]} 44. bxa5 {[%clk 0:00:37]} Rb7 {[%clk 0:00:54]} 45. Bf4
{[%clk 0:00:43]} Rb5 {[%clk 0:01:00]} 46. g4 {[%clk 0:00:46]} Rxa5
{[%clk 0:01:05]} 47. Rh1 {[%clk 0:00:52]} Rb5 {[%clk 0:00:20]} 48. Bxh6
{[%clk 0:00:57]} Bd6 {[%clk 0:00:21]} 49. Bd2 {[%clk 0:00:57]} a5
{[%clk 0:00:27]} 50. Rh7+ {[%clk 0:01:06]} Kg8 {[%clk 0:00:36]} 51. Rd7
{[%clk 0:01:12]} Rb6 {[%clk 0:00:39]} 52. g5 {[%clk 0:01:15]} fxg5
{[%clk 0:00:48]} 53. Bxg5 {[%clk 0:01:13]} a4 {[%clk 0:00:40]} 54. f6
{[%clk 0:01:17]} Bf8 {[%clk 0:00:46]} 55. Ne5 {[%clk 0:00:52]} Rd6
{[%clk 0:00:55]} 56. Ra7 {[%clk 0:00:56]} d3 {[%clk 0:00:35]} 57. Bd2
{[%clk 0:00:50]} Rxf6+ {[%clk 0:00:40]} 58. Ke3 {[%clk 0:01:00]} Bc5+
{[%clk 0:00:43]} 0-1

[Event "Team Championship (men rapid)"]
[Site "Sochi"]
[Date "2017.10.03"]
[Round "3.15"]
[White "Usmanov, Vasily"]
[Black "Oganian, Miran"]
[Result "1-0"]
[LiveChessVersion "1.4.8"]
[BlackElo "2432"]
[WhiteElo "2476"]

1. d4 {[%clk 0:15:19]} Nf6 {[%clk 0:15:19]} 2. c4 {[%clk 0:15:23]} e6
{[%clk 0:15:28]} 3. Nc3 {[%clk 0:15:32]} Bb4 {[%clk 0:15:36]} 4. e3
{[%clk 0:15:40]} O-O {[%clk 0:15:44]} 5. Nge2 {[%clk 0:15:48]} c6
{[%clk 0:15:52]} 6. a3 {[%clk 0:15:55]} Ba5 {[%clk 0:16:01]} 7. b4
{[%clk 0:16:04]} Bc7 {[%clk 0:16:10]} 8. e4 {[%clk 0:16:13]} d6 {[%clk 0:16:16]}
9. Ng3 {[%clk 0:16:07]} e5 {[%clk 0:16:21]} 10. d5 {[%clk 0:16:16]} a5
{[%clk 0:15:33]} 11. Bb2 {[%clk 0:16:24]} Bb6 {[%clk 0:14:21]} 12. Bd3
{[%clk 0:16:30]} Ng4 {[%clk 0:14:05]} 13. c5 {[%clk 0:11:32]} dxc5
{[%clk 0:13:57]} 14. bxa5 {[%clk 0:11:41]} c4 {[%clk 0:10:39]} 15. axb6
{[%clk 0:11:20]} Qxb6 {[%clk 0:10:41]} 16. Qd2 {[%clk 0:08:44]} cxd3
{[%clk 0:09:53]} 17. O-O {[%clk 0:08:49]} Nd7 {[%clk 0:08:47]} 18. a4
{[%clk 0:06:58]} Re8 {[%clk 0:07:10]} 19. Rfb1 {[%clk 0:06:25]} Nc5
{[%clk 0:05:44]} 20. Ba3 {[%clk 0:05:42]} Qa7 {[%clk 0:04:51]} 21. h3
{[%clk 0:04:50]} Nf6 {[%clk 0:05:00]} 22. Qe3 {[%clk 0:04:07]} Ncd7
{[%clk 0:02:43]} 23. Qxd3 {[%clk 0:04:06]} Qd4 {[%clk 0:01:40]} 24. Qc2
{[%clk 0:03:55]} cxd5 {[%clk 0:01:14]} 25. Nf5 {[%clk 0:03:39]} Qa7
{[%clk 0:01:04]} 26. exd5 {[%clk 0:03:33]} Nf8 {[%clk 0:00:39]} 27. Nd6
{[%clk 0:02:58]} Rd8 {[%clk 0:00:48]} 28. Ndb5 {[%clk 0:03:07]} Qb6
{[%clk 0:00:45]} 29. Be7 {[%clk 0:03:06]} Rd7 {[%clk 0:00:33]} 30. d6
{[%clk 0:03:10]} Qc6 {[%clk 0:00:33]} 31. Qe2 {[%clk 0:02:03]} Ng6
{[%clk 0:00:28]} 32. Bxf6 {[%clk 0:02:03]} gxf6 {[%clk 0:00:36]} 33. Ne4
{[%clk 0:02:08]} Kg7 {[%clk 0:00:40]} 34. Rc1 {[%clk 0:02:12]} Qb6
{[%clk 0:00:22]} 35. Nc7 {[%clk 0:01:57]} Rb8 {[%clk 0:00:15]} 36. Ne8+
{[%clk 0:01:53]} Kf8 {[%clk 0:00:19]} 37. N8xf6 {[%clk 0:02:01]} Rxd6
{[%clk 0:00:24]} 38. Nxd6 {[%clk 0:02:03]} Qxd6 {[%clk 0:00:33]} 39. Nxh7+
{[%clk 0:02:05]} Kg7 {[%clk 0:00:42]} 40. Ng5 {[%clk 0:02:12]} Nf4
{[%clk 0:00:33]} 41. Qe4 {[%clk 0:02:06]} Qf6 {[%clk 0:00:18]} 42. Qh7+
{[%clk 0:01:58]} Kf8 {[%clk 0:00:27]} 43. Rc7 {[%clk 0:01:45]} Be6
{[%clk 0:00:21]} 44. Ne4 {[%clk 0:01:12]} Qg7 {[%clk 0:00:12]} 45. Qxg7+
{[%clk 0:01:20]} Kxg7 {[%clk 0:00:21]} 46. a5 {[%clk 0:01:21]} Bd5
{[%clk 0:00:26]} 47. Re1 {[%clk 0:01:04]} Ra8 {[%clk 0:00:27]} 48. Nc3
{[%clk 0:00:27]} Bxg2 {[%clk 0:00:35]} 49. Rxe5 {[%clk 0:00:31]} Bc6
{[%clk 0:00:19]} 50. Rf5 {[%clk 0:00:24]} Nxh3+ {[%clk 0:00:11]} 51. Kh2
{[%clk 0:00:30]} Rh8 {[%clk 0:00:19]} 52. Rfxf7+ {[%clk 0:00:24]} Kg6
{[%clk 0:00:28]} 53. Rg7+ {[%clk 0:00:30]} Kf6 {[%clk 0:00:24]} 54. Rcf7+
{[%clk 0:00:14]} Ke6 {[%clk 0:00:33]} 55. Re7+ {[%clk 0:00:23]} Kd6
{[%clk 0:00:28]} 56. Kg3 {[%clk 0:00:25]} Ng5 {[%clk 0:00:29]} 57. Re3
{[%clk 0:00:20]} Rh3+ {[%clk 0:00:11]} 58. Kg4 {[%clk 0:00:29]} Kd5 1-0